000 01008cam a22003134a 4500
001 14646440
005 20201128021139.0
008 061127t2007 xxua frb 001 0 eng d
010 _a2006286340
020 _a0131687379
020 _a9780131687370
040 _aDLC
_cDLC
_dDLC
_dEG-ScBUE
082 0 0 _a621.3822
_222
_bKAM
100 1 _aKamen, Edward W.
_936817
245 1 0 _aFundamentals of signals and systems using the Web and MATLAB /
_cEdward W. Kamen, Bonnie S. Heck.
250 _a3rd ed.
260 _aUpper Saddle River, United States :
_bPearson Prentice Hall,
_cc.2007.
300 _axii, 658 p. :
_bill. ;
_c25 cm.
500 _aIncludes appendixes.
500 _aIndex : p. 645-658.
504 _aBibliography : p. 644.
630 0 0 _aMATLAB
_9826
650 0 _aSignal processing
_xDigital techniques
_923318
650 0 _aSystem analysis
_9734
653 _bENGELC
_cDecember2014
655 _vreading book
_934232
700 1 _aHeck, Bonnie S.
_936818
942 _2ddc
_k621.3822 KAM
999 _c18730
_d18702